00597nam a2200145Ia 4500008004100000050002300041100002900064245010000093260008600193300002800279521001200307942000700319999001900326952010600345140724s9999 xx 000 0 und d aRS 164b.G216 2008 aGarcia, Cristina Anne J. aCaffeine in coffee and its effects on short-term memory enhancement /cCristina Anne J. Garcia. aLas Piñas, Philippines :bSouthville International School and Colleges,cc2008. a95 p. :bill. ;c28 cm. aNursing cTH c228957d228957 001040aCLbCLcTHESESd2014-07-24l0oRS 164 .G216 2008pT0311r2018-05-15 00:00:00w2014-07-24yTH